[Event "Mecklenburg VP-ch MT"]
[Site "Greifswald"]
[Date "2021.06.26"]
[Round "6"]
[White "Herrmann, Jakob"]
[Black "Roehl, Rainer"]
[Result "0-1"]
[WhiteElo "1533"]
[BlackElo "2016"]
[PlyCount "54"]
[EventDate "2021.06.24"]
[EventType "swiss"]
[EventRounds "7"]
[EventCountry "GER"]
[SourceTitle "EXT 2022"]
[Source "ChessBase"]
[SourceDate "2021.10.06"]
[SourceVersion "1"]
[SourceVersionDate "2021.10.06"]
[SourceQuality "1"]

1. e4 c5 2. Nf3 g6 3. d4 cxd4 4. Qxd4 Nf6 5. e5 Nc6 6. Qa4 Nd5 7. Qe4 Nc7 8. Nc3 Bg7 9. Bf4 b5 10. Be2 Bb7 11. 0-0 b4 12. Nd5 Nxd5 13. Qxd5 Qb6 14. Qd2 0-0 15. Rfd1 Rfd8 16. Rac1 Qa5 17. Qd5 Qxd5 18. Rxd5 Rac8 19. Rcd1 Nb8 20. R5d2 Be4 21. Ng5 Bxc2 22. e6 Bxd1 23. exf7+ Kh8 24. Bxd1 h6 25. Ne4 d5 26. Ng3 e5 27. Be3 d4 0-1

[Event "Staufer op 31st"]
[Site "Schwaebisch Gmuend"]
[Date "2019.01.04"]
[Round "5"]
[White "Roehl, Rainer"]
[Black "Degenhard, Simon"]
[Result "1/2-1/2"]
[WhiteElo "2056"]
[BlackElo "2234"]
[PlyCount "68"]
[EventDate "2019.01.02"]
[EventType "swiss"]
[EventRounds "9"]
[EventCountry "GER"]
[SourceTitle "CBM 188 Extra"]
[Source "ChessBase"]
[SourceDate "2019.02.26"]
[SourceVersion "1"]
[SourceVersionDate "2019.02.26"]
[SourceQuality "1"]

1. d4 Nf6 2. Nf3 g6 3. Bf4 Bg7 4. Nc3 d5 5. Qd2 c6 6. Bh6 Bxh6 7. Qxh6 Qa5 8. Qd2 Bf5 9. e3 Nbd7 10. Bd3 Bg4 11. Ne4 Qb6 12. Nxf6+ Nxf6 13. 0-0 Bxf3 14. gxf3 0-0 15. c4 Rad8 16. c5 Qc7 17. f4 Nh5 18. Kh1 Ng7 19. Rg1 Kh8 20. Rg2 Qd7 21. f3 Rde8 22. Qf2 Nf5 23. Rg5 Qe6 24. e4 Ng7 25. e5 f6 26. Rxg6 Nf5 27. Rg4 b6 28. b4 bxc5 29. bxc5 Rb8 30. Rag1 Rg8 31. Rxg8+ Rxg8 32. Rxg8+ Kxg8 33. Qg2+ Kf8 34. Qf2 Kg7 1/2-1/2

[Event "Bad Zwesten op 17th"]
[Site "Bad Zwesten"]
[Date "2017.01.03"]
[Round "2"]
[White "Roehl, Rainer"]
[Black "Zeuner, Ole"]
[Result "1-0"]
[WhiteElo "2124"]
[BlackElo "1701"]
[PlyCount "59"]
[EventDate "2017.01.02"]
[EventType "swiss"]
[EventRounds "7"]
[EventCountry "GER"]
[SourceTitle "CBM 176 Extra"]
[Source "ChessBase"]
[SourceDate "2017.03.02"]
[SourceVersion "1"]
[SourceVersionDate "2017.03.02"]
[SourceQuality "1"]

1. d4 Nf6 2. Bf4 c5 3. e3 g6 4. c3 cxd4 5. exd4 Bg7 6. Nf3 0-0 7. Bd3 d6 8. 0-0 Nc6 9. Re1 Be6 10. Ng5 Bd7 11. Ne4 Nxe4 12. Bxe4 Rc8 13. Bg5 Re8 14. Nd2 h6 15. Be3 Qc7 16. Nb3 b5 17. Qd2 Kh7 18. f4 a5 19. d5 Nd8 20. Nd4 Rf8 21. f5 Rb8 22. Qc2 gxf5 23. Bxf5+ Kg8 24. Bxd7 Bxd4 25. Bxd4 Qxd7 26. Re3 f6 27. Qg6+ Kh8 28. Qxh6+ Kg8 29. Rg3+ Kf7 30. Qg6# 1-0

[Event "Bad Zwesten op 17th"]
[Site "Bad Zwesten"]
[Date "2017.01.02"]
[Round "1"]
[White "Vonhoff, Joerg"]
[Black "Roehl, Rainer"]
[Result "1-0"]
[WhiteElo "1714"]
[BlackElo "2124"]
[PlyCount "79"]
[EventDate "2017.01.02"]
[EventType "swiss"]
[EventRounds "7"]
[EventCountry "GER"]
[SourceTitle "CBM 176 Extra"]
[Source "ChessBase"]
[SourceDate "2017.03.02"]
[SourceVersion "1"]
[SourceVersionDate "2017.03.02"]
[SourceQuality "1"]

1. e4 c5 2. Nf3 g6 3. c3 Nf6 4. Bd3 Nc6 5. Bc2 Bg7 6. 0-0 0-0 7. h3 d6 8. a3 Nd7 9. d4 cxd4 10. cxd4 Qb6 11. Nc3 Nxd4 12. Nxd4 Qxd4 13. Nd5 e6 14. Nc7 Qxd1 15. Rxd1 Rb8 16. Nb5 Nb6 17. Nxd6 Bd7 18. Rb1 Bc6 19. Bf4 Rbd8 20. b4 a6 21. Be3 Na4 22. Rb3 Nc3 23. Rd2 Ba4 24. Bb6 Bxb3 25. Bxd8 Rxd8 26. Bxb3 Be5 27. Nc4 Rxd2 28. Nxd2 Bf4 29. Nc4 Nxe4 30. g3 Bc7 31. Kg2 b5 32. Nb2 Kf8 33. Bc2 Nc3 34. Nd3 Bd6 35. Kf3 Ke7 36. Ke3 Nd5+ 37. Kd4 Nc7 38. f4 f6 39. Bd1 g5 40. Bf3 1-0

[Event "Wunsiedel op 10th"]
[Site "Wunsiedel"]
[Date "2016.05.06"]
[Round "4"]
[White "Roehl, Rainer"]
[Black "Balint, Vilmos"]
[Result "0-1"]
[WhiteElo "2145"]
[BlackElo "2289"]
[PlyCount "102"]
[EventDate "2016.05.05"]
[EventType "swiss"]
[EventRounds "7"]
[EventCountry "GER"]
[SourceTitle "CBM 172 Extra"]
[Source "ChessBase"]
[SourceDate "2016.06.21"]
[SourceVersion "1"]
[SourceVersionDate "2016.06.21"]
[SourceQuality "1"]

1. d4 Nf6 2. Nf3 e6 3. e3 b6 4. Bd3 Bb7 5. 0-0 Be7 6. Nbd2 d5 7. b3 Nbd7 8. Bb2 Ne4 9. Ne5 Nxd2 10. Qxd2 Nxe5 11. dxe5 h5 12. f4 g6 13. a4 c5 14. Rad1 Qc7 15. Bb5+ Kf8 16. Be2 Rd8 17. Kh1 Kg7 18. Bf3 Ba6 19. Be2 c4 20. Bd4 Rc8 21. c3 Qd7 22. Ra1 Bb7 23. b4 Bd8 24. f5 Bc6 25. f6+ Kg8 26. Bd1 Qb7 27. Qf2 Rh7 28. h4 Qd7 29. Qf4 Qe8 30. Qg5 Qf8 31. Kh2 Bc7 32. Kg3 Qh6 33. Kf4 Kf8 34. Rh1 Ke8 35. b5 Bb7 36. g4 hxg4 37. Bxg4 Kd7 38. h5 Rg8 39. Qxh6 Rxh6 40. hxg6 Rhxg6 41. Rag1 Rxf6+ 42. Kg3 Rfg6 43. Kf3 Kd8 44. Rh7 Ke8 45. Bxe6 Rxg1 46. Bxf7+ Kd8 47. Bxg8 Rxg8 48. e6 Re8 49. Bf6+ Kc8 50. Rh8 Rxh8 51. Bxh8 d4+ 0-1

[Event "BL2-Nord 1516"]
[Site "Germany"]
[Date "2016.01.17"]
[Round "5.5"]
[White "Roehl, Rainer"]
[Black "Sroczynski, Maciej"]
[Result "1/2-1/2"]
[WhiteElo "2154"]
[BlackElo "2303"]
[PlyCount "31"]
[EventDate "2015.09.19"]
[EventType "team-tourn"]
[EventRounds "9"]
[EventCountry "GER"]
[SourceTitle "EXT 2017"]
[Source "ChessBase"]
[SourceDate "2016.10.25"]
[SourceVersion "1"]
[SourceVersionDate "2016.10.25"]
[SourceQuality "1"]
[WhiteTeam "Schwerin"]
[BlackTeam "Ruedersdorf"]
[WhiteTeamCountry "GER"]
[BlackTeamCountry "GER"]

1. d4 d5 2. Nf3 Nf6 3. e3 g6 4. Nbd2 Bg7 5. Be2 c5 6. Ne5 Nc6 7. Nxc6 bxc6 8. Nb3 Nd7 9. 0-0 Qb6 10. c4 e6 11. Bd2 cxd4 12. exd4 0-0 13. Ba5 Qb8 14. cxd5 cxd5 15. Rc1 Nb6 16. Qc2 1/2-1/2